Prologue Star Wars I - Statistiques

Statistiques générales
  • Ce quiz a été pris 210 fois
  • Le résultat moyen est 40 sur 85
Statistiques - réponses
Réponse % Correct
La
89%
La
89%
la
89%
la
89%
la
89%
la
89%
la
89%
la
89%
la
89%
la
89%
le
86%
le
86%
le
86%
à
85%
à
85%
s'
85%
Jedi,
80%
de
77%
de
77%
de
77%
de
77%
de
77%
est
73%
du
70%
en
70%
en
70%
les
68%
Naboo.
67%
Commerce
65%
République
65%
République
65%
Fédération
62%
et
59%
et
59%
un
59%
des
58%
des
58%
guerre
57%
Galactique
56%
planète
56%
galaxie,
53%
Chevaliers
50%
deux
50%
dans
49%
dans
49%
blocus
45%
Chancelier
42%
paix
42%
ce
41%
Pour
40%
que
38%
gardiens
29%
petite
29%
conflit...
27%
justice
26%
ses
26%
Suprème
26%
fin,
25%
sans
23%
vaisseaux
23%
pleine
20%
commerciales
19%
alors
18%
routes
18%
taxation
18%
enlise
17%
résoudre
17%
secret
17%
charge
16%
cupide
14%
débats
14%
ébullition.
14%
imposent
11%
régler
11%
Face
9%
question,
8%
redoutables
8%
systèmes
8%
Congrès
7%
dangereux
7%
discorde.
7%
éloignés
7%
provoque
7%
engrenage,
5%
reliant
5%
Aucun quiz correspondant
Distribution des résultats
% des personnes avec chaque résultat
Percentile par nombre de réponses
Votre historique - résultats
Vous n’avez pas pris ce quiz